Name The Capitals Closest To Stockholm - Statistics

General Stats
  • This quiz has been taken 1,695 times
  • The average score is 18 of 20
Answer Stats
Hint Answer % Correct
419 Oslo
100%
402 Helsinki
99%
512 Copenhagen
98%
802 Berlin
97%
1076 Amsterdam
95%
1179 Moscow
95%
805 Warsaw
95%
1349 London
94%
1224 Brussels
93%
433 Riga
93%
379 Tallinn
91%
1048 Prague
89%
810 Minsk
88%
1241 Vienna
88%
661 Vilnius
87%
1275 Luxembourg
85%
1317 Budapest
84%
1216 Kiev
81%
1244 Bratislava
79%
1440 Vaduz
66%
No matching quizzes found
Score Distribution
Percent of People with Each Score
Percentile by Number Answered
Your Score History
You have not taken this quiz